000 00586nam a22002177a 4500
003 UA-OsUOA
001 42634
007 ta
008 20061113b un ||||| |||| 00| 0 ukr d
090 _a821. 161. 1
_bТ 14
942 _cBK
040 _aUA-OsUOA
_brus
_cUA-OsUOA
_dUA-OsUOA
245 _aТайны веков
_bКнига третья
300 _a414 с.
955 _a2
041 _arus
080 _a821. 161. 1
260 _aМ.
_b"Молодая гвардия"
_c1983
650 7 _a82 Література. Літературознавство
_2UDC
999 _c328775
_d328775